| 000 | 00439nam a22001937a 4500 | ||
|---|---|---|---|
| 003 | OSt | ||
| 008 | 230328b |||||||| |||| 00| 0 eng d | ||
| 020 | _a9789354602078 | ||
| 082 | _a658 | ||
| 100 | _aLARSON,Erik W | ||
| 245 | _aProject Management | ||
| 250 | _a8th Ed | ||
| 260 |
_aNew Delhi _bTMH _c2022 |
||
| 300 | _a730 | ||
| 650 | _aProject Management | ||
| 700 | _aGRAY,Clifford F | ||
| 700 | _aJOSHI,Rohit | ||
| 942 |
_2ddc _cREF |
||
| 999 |
_c11920 _d11920 |
||